000 00933cam a2200265 a 4500
001 byhookorbycrookh00bris
003 CaSfIA
005 20230525154821.0
007 cr||||
008 861209s1987 txu 000 0 eng
035 _9(DLC) 86032517
856 4 1 _uhttp://www.archive.org/details/byhookorbycrookh00bris
_zFree eBook from the Internet Archive
856 4 2 _uhttp://www.openlibrary.org/books/OL2737907M
_zAdditional information and access via Open Library
010 _a 86032517
020 _a0849905613
040 _aDLC
_cDLC
_dDLC
_dCaSfIA
050 0 0 _aBS2515
_b.B74 1987
082 0 0 _a225.9/24
_219
100 1 _aBriscoe, Jill.
245 1 0 _aBy hook or by crook :
_h[electronic resource]
_bhow God shaped a fisherman into a shepherd /
_cJill Briscoe.
260 _aWaco, Tex. :
_bWord Books,
_cc1987.
300 _a191 p. ;
_c23 cm.
600 0 0 _aPeter,
_cthe Apostle, Saint.
650 0 _aChristian life.
999 _c18664
_d18664